000 00305nam a22001337a 4500
008 180903b xxu||||| |||| 00| 0 eng d
020 _a9780321127624
041 _aeng
080 _23 ED
_a510
100 _a37
101 _aMAT
245 _aBeginning Intermediate Algebra
_cLial.H
942 _2udc
_cBK
999 _c47476
_d47476